000 00516nam a2200205Ia 4500
005 20250923150341.0
008 008 250917s9999 xx 000 0 eng d
037 _aTextual
040 _aDSWL
_beng
_cDSWL
041 _aeng
_2eng
084 _qDSWL
100 _aSwaminathan, M
_9845007
245 0 _aSocio-Economic Surveys
_cby M Swaminathan
260 _aNew Delhi
_bTulika Book
_c2015
300 _a164p.
365 _aINR
_b295
925 _g295
942 _cTEXL
999 _c1462504
_d1462504